| 000 | 00630nam a2200181Ia 4500 | ||
|---|---|---|---|
| 008 | 151018s9999 xx 000 0 und d | ||
| 082 |
_bRBASDV42 _a891.461 |
||
| 100 | _aज. कृ. थळी | ||
| 245 | _aसचरित्र समग्र कवितासंग्रह | ||
| 250 | _b1 | ||
| 260 |
_bकृ .ज थळी _c1932 |
||
| 300 | _a224 | ||
| 600 | _aज. कृ. थळी | ||
| 630 | _aसचरित्र समग्र कवितासंग्रह | ||
| 700 | _aज. कृ. थळी | ||
| 730 | _aसचरित्र समग्र कवितासंग्रह | ||
| 942 | _cBOOK | ||
| 999 |
_c1002521 _d1002518 |
||